In Vitro Analysis of Shear Bond Strength of Self-Adhesive Resin Cement and its Variability on Bleached Enamel / (Record no. 535770)
[ view plain ]
| 000 -LEADER | |
|---|---|
| fixed length control field | 00497nam a22001337a 4500 |
| 100 ## - MAIN ENTRY--PERSONAL NAME | |
| Personal name | Saleem, Abida |
| 245 ## - TITLE STATEMENT | |
| Title | In Vitro Analysis of Shear Bond Strength of Self-Adhesive Resin Cement and its Variability on Bleached Enamel / |
| Statement of responsibility, etc. | Abida Saleem. |
| 260 ## - PUBLICATION, DISTRIBUTION, ETC. | |
| Place of publication, distribution, etc. | Islamabad : |
| Name of publisher, distributor, etc. | AMC NUST, |
| Date of publication, distribution, etc. | 2014. |
| 300 ## - PHYSICAL DESCRIPTION | |
| Extent | 98 p. : ill. ; |
| Dimensions | 30cm. |
| 942 ## - ADDED ENTRY ELEMENTS (KOHA) | |
| Source of classification or shelving scheme | |
| Koha item type | Thesis |
| 650 ## - SUBJECT ADDED ENTRY--TOPICAL TERM | |
| Topical term or geographic name entry element | Dentistry - M Phil Theses. |
| 700 ## - ADDED ENTRY--PERSONAL NAME | |
| Personal name | Sup Dr. Muhammad Kaleem. |
| 650 ## - SUBJECT ADDED ENTRY--TOPICAL TERM | |
| -- | 30595 |
| 700 ## - ADDED ENTRY--PERSONAL NAME | |
| -- | 30596 |
| Withdrawn status | Lost status | Source of classification or shelving scheme | Damaged status | Not for loan | Permanent Location | Current Location | Shelving location | Date acquired | Full call number | Barcode | Date last seen | Price effective from | Non-public note | Koha item type |
|---|---|---|---|---|---|---|---|---|---|---|---|---|---|---|
| NUST School of Health Sciences (NSHS) | NUST School of Health Sciences (NSHS) | Thesis | 09/23/2020 | 617.6 | CL-T-6282 | 09/23/2020 | 09/23/2020 | Minute Sheet No. 0929/02/CL/Survey/5 dated 23rd April 2024 E-MIN ID 114741 | Thesis |
